| 000 | 00357nam a2200133Ia 4500 | ||
|---|---|---|---|
| 008 | 150202s9999 xx 000 0 und d | ||
| 020 | _a380818337 | ||
| 050 |
_aFIC _bFIC |
||
| 100 | _aMaxwell, Cathy. | ||
| 245 | 4 |
_aThe lady is tempted / _cCathy Maxwell. |
|
| 260 |
_aNew York : _bAvon Books, _c2002. |
||
| 300 |
_a374 pages : _c18 cm. |
||
| 650 | _aFiction. | ||
| 999 |
_c282231 _d282231 |
||